<?xml version="1.0" encoding="UTF-8"?>
<collection xmlns="http://www.loc.gov/MARC21/slim">
 <record>
  <leader>02396cam a2200505   4500</leader>
  <controlfield tag="001">1619135507</controlfield>
  <controlfield tag="003">DE-627</controlfield>
  <controlfield tag="005">20240509214851.0</controlfield>
  <controlfield tag="007">tu</controlfield>
  <controlfield tag="008">160330s2016    xx ||||| c    00| ||dut c</controlfield>
  <datafield tag="020" ind1=" " ind2=" ">
   <subfield code="a">9789462581425</subfield>
   <subfield code="9">978-94-6258-142-5</subfield>
  </datafield>
  <datafield tag="020" ind1=" " ind2=" ">
   <subfield code="a">9789462581319</subfield>
   <subfield code="9">978-94-6258-131-9</subfield>
  </datafield>
  <datafield tag="035" ind1=" " ind2=" ">
   <subfield code="a">(DE-627)1619135507</subfield>
  </datafield>
  <datafield tag="035" ind1=" " ind2=" ">
   <subfield code="a">(DE-576)462844927</subfield>
  </datafield>
  <datafield tag="035" ind1=" " ind2=" ">
   <subfield code="a">(DE-599)BSZ462844927</subfield>
  </datafield>
  <datafield tag="035" ind1=" " ind2=" ">
   <subfield code="a">(OCoLC)946566202</subfield>
  </datafield>
  <datafield tag="035" ind1=" " ind2=" ">
   <subfield code="a">(OCoLC)946566202</subfield>
  </datafield>
  <datafield tag="040" ind1=" " ind2=" ">
   <subfield code="a">DE-627</subfield>
   <subfield code="b">ger</subfield>
   <subfield code="c">DE-627</subfield>
   <subfield code="e">rda</subfield>
  </datafield>
  <datafield tag="041" ind1=" " ind2=" ">
   <subfield code="a">dut</subfield>
  </datafield>
  <datafield tag="084" ind1=" " ind2=" ">
   <subfield code="a">9,10</subfield>
   <subfield code="2">ssgn</subfield>
  </datafield>
  <datafield tag="245" ind1="1" ind2="0">
   <subfield code="a">Jan Toorop, zang der tijden</subfield>
   <subfield code="c">Gerard van Wezel; Gemeentemuseum Den Haag</subfield>
  </datafield>
  <datafield tag="264" ind1=" " ind2="1">
   <subfield code="a">Den Haag</subfield>
   <subfield code="b">Gemeentemuseum</subfield>
   <subfield code="c">[2016]</subfield>
  </datafield>
  <datafield tag="264" ind1=" " ind2="1">
   <subfield code="a">Zwolle</subfield>
   <subfield code="b">Wbooks</subfield>
   <subfield code="c">[2016]</subfield>
  </datafield>
  <datafield tag="300" ind1=" " ind2=" ">
   <subfield code="a">280 Seiten</subfield>
   <subfield code="b">Illustrationen</subfield>
  </datafield>
  <datafield tag="336" ind1=" " ind2=" ">
   <subfield code="a">Text</subfield>
   <subfield code="b">txt</subfield>
   <subfield code="2">rdacontent</subfield>
  </datafield>
  <datafield tag="337" ind1=" " ind2=" ">
   <subfield code="a">ohne Hilfsmittel zu benutzen</subfield>
   <subfield code="b">n</subfield>
   <subfield code="2">rdamedia</subfield>
  </datafield>
  <datafield tag="338" ind1=" " ind2=" ">
   <subfield code="a">Band</subfield>
   <subfield code="b">nc</subfield>
   <subfield code="2">rdacarrier</subfield>
  </datafield>
  <datafield tag="583" ind1="1" ind2=" ">
   <subfield code="a">Archivierung/Langzeitarchivierung gewährleistet</subfield>
   <subfield code="f">SLG</subfield>
   <subfield code="x">XA-DE-BW</subfield>
   <subfield code="z">StGA</subfield>
   <subfield code="2">pdager</subfield>
   <subfield code="5">DE-24</subfield>
  </datafield>
  <datafield tag="583" ind1="1" ind2=" ">
   <subfield code="a">Archivierung/Langzeitarchivierung gewährleistet</subfield>
   <subfield code="f">SSG</subfield>
   <subfield code="x">XA-DE-BW</subfield>
   <subfield code="2">pdager</subfield>
   <subfield code="5">DE-16</subfield>
  </datafield>
  <datafield tag="600" ind1="1" ind2="7">
   <subfield code="0">(DE-588)119295954</subfield>
   <subfield code="0">(DE-627)08010231X</subfield>
   <subfield code="0">(DE-576)163332592</subfield>
   <subfield code="a">Toorop, Jan</subfield>
   <subfield code="d">1858-1928</subfield>
   <subfield code="2">gnd</subfield>
   <subfield code="7">(dpeaa)DE-24/stga</subfield>
  </datafield>
  <datafield tag="600" ind1="1" ind2="7">
   <subfield code="0">(DE-588)11853856X</subfield>
   <subfield code="0">(DE-627)134203925</subfield>
   <subfield code="0">(DE-576)161089003</subfield>
   <subfield code="a">George, Stefan</subfield>
   <subfield code="d">1868-1933</subfield>
   <subfield code="2">gnd</subfield>
   <subfield code="7">(dpeaa)DE-24/stga</subfield>
  </datafield>
  <datafield tag="650" ind1="0" ind2="7">
   <subfield code="0">(DE-588)4049716-1</subfield>
   <subfield code="0">(DE-627)104675152</subfield>
   <subfield code="0">(DE-576)209083182</subfield>
   <subfield code="a">Rezeption</subfield>
   <subfield code="2">gnd</subfield>
   <subfield code="7">(dpeaa)DE-24/stga</subfield>
  </datafield>
  <datafield tag="650" ind1="0" ind2="7">
   <subfield code="0">(DE-588)4114333-4</subfield>
   <subfield code="0">(DE-627)105822957</subfield>
   <subfield code="0">(DE-576)209483733</subfield>
   <subfield code="a">Kunst</subfield>
   <subfield code="2">gnd</subfield>
   <subfield code="7">(dpeaa)DE-24/stga</subfield>
  </datafield>
  <datafield tag="655" ind1=" " ind2="7">
   <subfield code="a">Ausstellungskatalog</subfield>
   <subfield code="x">Gemeentemuseum</subfield>
   <subfield code="y">26.02.2016-29.05.2016</subfield>
   <subfield code="z">Den Haag</subfield>
   <subfield code="0">(DE-588)4135467-9</subfield>
   <subfield code="0">(DE-627)10566491X</subfield>
   <subfield code="0">(DE-576)209660988</subfield>
   <subfield code="2">gnd-content</subfield>
  </datafield>
  <datafield tag="689" ind1="0" ind2="0">
   <subfield code="d">p</subfield>
   <subfield code="0">(DE-588)119295954</subfield>
   <subfield code="0">(DE-627)08010231X</subfield>
   <subfield code="0">(DE-576)163332592</subfield>
   <subfield code="a">Toorop, Jan</subfield>
   <subfield code="d">1858-1928</subfield>
   <subfield code="2">gnd</subfield>
  </datafield>
  <datafield tag="689" ind1="0" ind2=" ">
   <subfield code="5">(DE-627)</subfield>
  </datafield>
  <datafield tag="700" ind1="1" ind2=" ">
   <subfield code="a">Toorop, Jan</subfield>
   <subfield code="d">1858-1928</subfield>
   <subfield code="e">KünstlerIn</subfield>
   <subfield code="0">(DE-588)119295954</subfield>
   <subfield code="0">(DE-627)08010231X</subfield>
   <subfield code="0">(DE-576)163332592</subfield>
   <subfield code="4">art</subfield>
  </datafield>
  <datafield tag="700" ind1="1" ind2=" ">
   <subfield code="a">Wezel, G. W. C. van</subfield>
   <subfield code="d">1951-2018</subfield>
   <subfield code="e">VerfasserIn</subfield>
   <subfield code="0">(DE-588)1037403053</subfield>
   <subfield code="0">(DE-627)755668251</subfield>
   <subfield code="0">(DE-576)391418459</subfield>
   <subfield code="4">aut</subfield>
  </datafield>
  <datafield tag="710" ind1="2" ind2=" ">
   <subfield code="a">Haags Gemeentemuseum</subfield>
   <subfield code="e">Herausgebendes Organ</subfield>
   <subfield code="0">(DE-588)2012983-X</subfield>
   <subfield code="0">(DE-627)101779550</subfield>
   <subfield code="0">(DE-576)191674303</subfield>
   <subfield code="4">isb</subfield>
  </datafield>
  <datafield tag="787" ind1="0" ind2="8">
   <subfield code="i">Rezensiert in</subfield>
   <subfield code="a">Smit, Lisa</subfield>
   <subfield code="t">Jan Toorop</subfield>
   <subfield code="d">2016</subfield>
   <subfield code="w">(DE-627)1760135534</subfield>
  </datafield>
  <datafield tag="935" ind1=" " ind2=" ">
   <subfield code="a">StGB</subfield>
  </datafield>
  <datafield tag="951" ind1=" " ind2=" ">
   <subfield code="a">BO</subfield>
  </datafield>
  <datafield tag="990" ind1=" " ind2=" ">
   <subfield code="a">Toorop, Jan</subfield>
  </datafield>
  <datafield tag="991" ind1=" " ind2=" ">
   <subfield code="a">Rezensiertes Werk</subfield>
  </datafield>
  <datafield tag="999" ind1=" " ind2=" ">
   <subfield code="a">KXP-PPN1619135507</subfield>
   <subfield code="e">4635348644</subfield>
  </datafield>
 </record>
</collection>
